[Event "Czech Olympiad Nomination 2018"]
[Site "Prague"]
[Date "2018.06.01"]
[Round "8"]
[White "Michalik, Peter"]
[Black "Babula, Vlastimil"]
[Result "1/2-1/2"]
[WhiteElo "2560"]
[BlackElo "2556"]
[Annotator "TA"]
[PlyCount "77"]
[EventDate "2018.??.??"]
[EventType "tourn"]
[EventCountry "CZE"]
[SourceTitle "playchess.com"]
[Source "ChessBase"]
[SourceQuality "1"]

{[%evp 21,77,0,0,0,29,30,26,33,33,33,33,33,40,31,34,42,35,33,35,37,37,29,41,48,33,33,33,38,35,45,42,47,47,47,54,61,18,4,4,5,10,13,11,8,13,9,9,0,0,0,0,0,0,0,0,0,0,0]} 1. d4 Nf6 2. c4 e6 3. Nf3 b6 4. g3 Ba6 5. Qc2 Bb7 6. Bg2 c5 7. d5 {E15: Queen's Indian: 4 g3 sidelines, 4 g3 Ba6 and 4 g3 Bb7 early deviations} exd5 8. cxd5 Nxd5 9. O-O Be7 10. Rd1 Nc6 11. Qa4 Nf6 $1 {LiveBook: 71 Games} 12. Nh4 O-O 13. Nf5 d5 14. Nc3 {[%cal Rc3d5] [#]} Nd4 $1 {[%mdl 512]} 15. Nxd4 cxd4 16. Qxd4 {[#]} Bc5 $146 17. Qa4 Qe8 18. Qxe8 Rfxe8 19. e3 Rad8 20. Bd2 Ne4 21. Be1 d4 22. Nxe4 Bxe4 23. b4 {[#] aiming for Bxe4.} Bxg2 24. Kxg2 Be7 25. Rxd4 Rxd4 26. exd4 $14 {[%mdl 4096] Endgame KRB-KRB} Bf6 27. Rd1 Kf8 28. Kf3 Ke7 29. Bd2 {The position is equal.} Rc8 30. Ke4 Rc2 31. a4 Ra2 32. a5 bxa5 33. bxa5 Kd7 34. Be1 Bd8 35. Rb1 Bxa5 36. Bxa5 Rxa5 37. Rb7+ Ke6 38. g4 h5 39. gxh5 {Precision: White = 75%, Black = 95%.} 1/2-1/2

[Event "Czech Olympiad Nomination 2018"]
[Site "Prague"]
[Date "2018.06.01"]
[Round "8"]
[White "Plat, Vojtech"]
[Black "Nguyen, Thai Dai Van"]
[Result "0-1"]
[WhiteElo "2556"]
[BlackElo "2549"]
[Annotator "TA"]
[PlyCount "70"]
[EventDate "2018.??.??"]
[EventType "tourn"]
[EventCountry "CZE"]
[SourceTitle "playchess.com"]
[Source "ChessBase"]
[SourceQuality "1"]

{[%evp 13,70,-13,-5,-76,-49,-41,-49,-45,-41,-37,-47,-46,-31,-36,-39,-36,-41,-72,-42,-64,-56,-57,-50,-59,-59,-57,-58,-78,-39,-46,-27,-31,-30,-60,-64,-107,-101,-133,-135,-133,-130,-137,-140,-160,-152,-295,-292,-277,-281,-224,-237,-427,-185,-505,-158,-144,-144,-29983,-29984]} 1. e4 e5 2. Nf3 Nf6 3. Nc3 Nc6 4. Bb5 Nd4 5. Bc4 Bc5 6. d3 d6 7. h3 {C48: Vierspringerspiel (Rubinstein-Variante)} c6 {LiveBook: 16 Partien} 8. Be3 $146 (8. a4 $11 {hält das Gleichgewicht.}) ({Vorgänger:} 8. O-O b5 9. Bb3 a5 10. a4 Nxb3 11. cxb3 b4 12. Ne2 Bb6 13. Ng3 h6 14. d4 O-O 15. dxe5 dxe5 16. Nxe5 {0-1 (61) Pichot,A (2552)-Nakamura,H (2781) chess.com INT 2018}) 8... b5 9. Bb3 $1 {Schwarz steht etwas besser.} a5 10. a3 Nxb3 11. cxb3 Bxe3 12. fxe3 Be6 13. b4 Qb6 {Und ...axb4 würde nun gewinnen.} 14. Kf2 O-O 15. Qd2 Nd7 16. Kg3 axb4 (16... Qb7 {keeps more tension.} 17. Kh2 f6 18. d4 Nb6 19. Rhd1 Bb3) 17. axb4 c5 18. bxc5 dxc5 19. Kh2 b4 20. Ne2 Qd6 21. Ng3 Nb6 22. d4 Nc4 23. Qf2 exd4 24. exd4 cxd4 {Weiss muss nun ...d3 beachten.} 25. Nxd4 h5 $1 {[%cal Bh7h5,Bh5h4,Bh4g3][%mdl 32] Droht stark ...h4.} 26. Nxe6 fxe6 27. Rxa8 Rxa8 28. Rc1 Rf8 29. Qe2 (29. Qe1 $17 Nxb2 30. e5) 29... h4 $1 $19 {[%cal Rh4g3]} 30. Qxc4 hxg3+ {KDT-KDT} 31. Kh1 Rf2 32. Qb5 $2 (32. b3 {war die einzige Verteidigung.} Rd2 33. Rg1) 32... Qf4 (32... Qf8 $142 33. Qb6 Rf1+ 34. Rxf1 Qxf1+ 35. Qg1 Qe2) 33. Rg1 $2 {[#]} (33. Re1) 33... Rxb2 $2 (33... Qf3 $1 $19 {[%mdl 512]} 34. Qe5 (34. gxf3 $2 {führt zum Matt.} Rh2#) 34... Kh7) 34. Qe8+ $17 Kh7 {Und weiter mit ...Dh6 wäre nett.} 35. Qxe6 $2 {[%mdl 8192]} (35. Qh5+ $17 Qh6 36. Qg4) 35... Qf2 {Precision: Weiß = 36%, Schwarz = 51%.} 0-1

[Event "Czech Olympiad Nomination 2018"]
[Site "Prague"]
[Date "2018.06.02"]
[Round "9"]
[White "Krejci, Jan"]
[Black "Plat, Vojtech"]
[Result "1-0"]
[WhiteElo "2582"]
[BlackElo "2556"]
[Annotator "TA"]
[PlyCount "81"]
[EventDate "2018.??.??"]
[EventType "tourn"]
[EventCountry "CZE"]
[SourceTitle "playchess.com"]
[Source "ChessBase"]
[SourceQuality "1"]

{[%evp 20,81,36,0,68,68,65,58,86,91,102,90,133,95,89,95,92,85,130,117,103,109,124,125,134,16,23,15,26,12,64,61,60,67,90,97,108,41,41,41,44,36,57,45,52,12,13,13,20,40,49,19,638,633,622,539,12836,12836,12832,12828,12838,12839,12839,12839]} 1. d4 Nf6 2. c4 g6 3. g3 Bg7 4. Bg2 d5 5. cxd5 Nxd5 6. Nf3 Nb6 7. Nc3 Nc6 8. e3 O-O 9. O-O e5 10. d5 Na5 11. e4 Nac4 {D76: Fianchetto Grünfeld: Main Line with 7...Nb6} (11... c6 $1 $11) 12. b3 Nd6 13. a4 {[%cal Ba2a4,Ba4a5][%mdl 32]} h6 $146 {White is slightly better.} ({Predecessor:} 13... f5 14. Ng5 a5 15. Ne6 Bxe6 16. dxe6 Re8 17. Be3 Nbc8 18. exf5 gxf5 19. Qh5 {1-0 (44) Pheby,I (2255)-Mannermaa,J (2489) ICCF email 2009}) 14. Ba3 Bd7 15. Rc1 f5 16. Qc2 Rf7 17. a5 Nbc8 18. Rfe1 Qf6 19. exf5 Bxf5 20. Qd2 e4 21. Nh4 Qg5 {[#]} 22. Qxg5 ({Better is} 22. Re3 $1 $16) 22... hxg5 $11 23. Nxf5 gxf5 24. Bf1 Ne7 (24... g4 $11) 25. Nb5 $14 Nxb5 26. Bxb5 {Hoping for Bd7.} Ng6 ({Much weaker is} 26... Nxd5 27. a6 $16) 27. d6 Ne5 28. Red1 (28. Rxc7 $16 {aiming for d7.} Nf3+ 29. Kf1 Rxc7 30. dxc7 Nxe1 31. Bc4+ Kh8 32. Be6 (32. Kxe1 Be5 $14)) 28... c6 29. Bc4 Nxc4 30. Rxc4 a6 31. g4 Rd8 32. gxf5 Rxf5 33. Rxe4 Bf8 34. Bb4 $36 {[%mdl 2048] White has some pressure.} Kf7 35. d7 Rd5 $2 {[%mdl 8192]} (35... Bxb4 $11 36. Rxb4 Rxa5) 36. Rxd5 $18 {White is clearly winning.} cxd5 {[#]} 37. Re8 $1 {[%cal Re8f8][%mdl 512] And now Rxf8+ would win.} Rxe8 38. dxe8=Q+ Kxe8 {[#]} 39. Bxf8 $1 Kxf8 40. Kg2 Ke7 {[#]} 41. f4 $1 {[%mdl 512] Precision: White = 67%, Black = 40%.} 1-0

[Event "Czech Olympiad Nomination 2018"]
[Site "Prague"]
[Date "2018.06.02"]
[Round "9"]
[White "Stocek, Jiri"]
[Black "Michalik, Peter"]
[Result "1/2-1/2"]
[WhiteElo "2574"]
[BlackElo "2560"]
[Annotator "TA"]
[PlyCount "60"]
[EventDate "2018.??.??"]
[EventType "tourn"]
[EventCountry "CZE"]
[SourceTitle "playchess.com"]
[Source "ChessBase"]
[SourceQuality "1"]

{[%evp 9,60,18,48,0,14,22,22,0,0,0,0,0,0,0,0,0,24,27,27,33,38,12,10,-11,8,3,10,9,14,0,17,26,17,19,6,5,18,25,68,79,75,75,84,84,111,118,122,104,110,91,91,87,85]} 1. c4 f5 2. d4 Nf6 3. Nc3 d6 4. Nf3 g6 5. Bf4 Bg7 6. h3 {A85: Dutch Defence: 2 c4 Nf6 3 Nc3} (6. e3 c6 7. h3 O-O 8. Bh2 h6 9. Be2 Be6 10. O-O Nbd7 11. Qc2 Bf7 12. Rad1 Re8 13. Rfe1 Qb6 14. b3 a5 15. Bf1 Rad8 {1-0 (35) Le,Q (2737)-Ivanchuk,V (2726) Huaian 2017}) 6... Nc6 7. e3 O-O 8. c5 {The position is equal.} Ne4 $146 ({Predecessor:} 8... d5 9. Ne5 Be6 10. Nxc6 bxc6 11. Qa4 Qd7 12. Qa5 Nh5 13. Bxc7 f4 14. O-O-O Rac8 15. Be5 Bxe5 16. dxe5 fxe3 {½-½ (30) Lyrberg,P (2577)-Niklasson,C (2423) Sweden 2005}) 9. cxd6 cxd6 10. Bc4+ Kh8 11. O-O Nxc3 12. bxc3 {[%cal Bb2c3,Bc3c4,Bc4c5,Bc5d6][%mdl 32]} h6 13. Bh2 Bd7 14. Rc1 Rc8 15. Nd2 Na5 16. Bd3 Qe8 17. c4 Qf7 18. Qe2 e5 19. Nb3 Nc6 {[%cal Re5d4]} 20. c5 exd4 21. cxd6 dxe3 22. fxe3 Ne5 23. Nc5 b6 24. Nxd7 Qxd7 {White is better.} 25. Rxc8 Rxc8 {[#]} 26. Rd1 $1 Rc5 27. Bc2 Qc6 28. Bxe5 Rxc2 29. Bxg7+ Kxg7 {[#]} 30. Qf1 $1 {Strongly threatening d7.} Qd7 {Precision: White = 71%, Black = 60%.} 1/2-1/2

[Event "Czech Olympiad Nomination 2018"]
[Site "Prague"]
[Date "2018.06.02"]
[Round "9"]
[White "Babula, Vlastimil"]
[Black "Nguyen, Thai Dai Van"]
[Result "1/2-1/2"]
[WhiteElo "2556"]
[BlackElo "2549"]
[Annotator "TA"]
[PlyCount "60"]
[EventDate "2018.??.??"]
[EventType "tourn"]
[EventCountry "CZE"]
[SourceTitle "playchess.com"]
[Source "ChessBase"]
[SourceQuality "1"]

{[%evp 20,60,27,27,21,11,17,11,16,14,21,0,0,0,0,0,0,0,0,0,0,0,6,6,7,2,0,0,0,-16,-8,-25,-24,-21,0,0,0,0,0,0,0,0,0]} 1. d4 Nf6 2. c4 e6 3. Nc3 Bb4 4. e3 O-O 5. Bd3 d5 6. Nf3 dxc4 7. Bxc4 c5 8. O-O Nbd7 9. Qe2 a6 10. a4 cxd4 11. exd4 {LiveBook: 16 Games} Re8 {E55: Nimzo-Indian: Rubinstein: Main Line: 7...dxc4 8 Bxc4 Nbd7} (11... Nb6 12. Bd3 Nbd5 13. Nxd5 Nxd5 14. Qe4 g6 15. Bh6 Re8 16. Ne5 Bd7 17. Qf3 Qe7 18. Be4 Bc6 19. Bxd5 Bxd5 {1-0 (35) Grischuk,A (2736)-Gelfand,B (2761) Linares 2010}) 12. Bg5 b6 13. Ne5 {[#] Strongly threatening Nc6.} Bb7 14. Rac1 h6 15. Bh4 $146 ({Predecessor:} 15. Be3 Bxc3 16. Rxc3 Ne4 17. Rc2 Nd6 18. Bd3 Nf6 19. Rfc1 {½-½ (32) Lelenko,A (2420)-Feco,J (2500) ICCF email 2016}) 15... Nxe5 16. dxe5 {Threatens to win with Rfd1.} Qd4 17. Bg3 {[#] Rfd1 is the strong threat.} Ne4 {[%cal Rb4c3]} 18. Rfd1 Nxg3 19. hxg3 Qc5 20. Na2 {Hoping for Bxe6!} Qe7 21. Nxb4 Qxb4 22. Rd7 Re7 23. Rxe7 Qxe7 24. Bd3 Qd7 25. Be4 Bxe4 26. Qxe4 Rc8 {The position is equal.} 27. Rxc8+ Qxc8 28. Qd4 Qc2 29. g4 Qe2 30. Qxb6 Qd1+ {Precision: White = 67%, Black = 80%.} ({Don't play} 30... Qxe5 $6 31. Qxa6 Qe1+ 32. Qf1 $16) 1/2-1/2

[Event "Czech Olympiad Nomination 2018"]
[Site "Prague"]
[Date "2018.06.03"]
[Round "10"]
[White "Plat, Vojtech"]
[Black "Babula, Vlastimil"]
[Result "1/2-1/2"]
[WhiteElo "2556"]
[BlackElo "2556"]
[Annotator "TA"]
[PlyCount "60"]
[EventDate "2018.??.??"]
[EventType "tourn"]
[EventCountry "CZE"]
[SourceTitle "playchess.com"]
[Source "ChessBase"]
[SourceQuality "1"]

{[%evp 27,60,-13,-8,-41,-55,-48,-44,-47,-37,-41,-39,-31,-19,-39,-24,-54,-52,-47,-24,-23,-12,0,-4,-18,0,0,0,0,0,0,0,0,0,-1,0]} 1. c4 e5 2. g3 Nf6 3. Bg2 d5 4. cxd5 Nxd5 5. Nc3 Nb6 6. Nf3 Nc6 7. O-O Be7 8. d3 O-O 9. a3 Be6 10. b4 a5 11. b5 Nd4 12. Nxd4 exd4 13. Na4 {A29: English Opening: Four Knights Variation with 4 g3} Bd5 14. Nxb6 cxb6 {LiveBook: 14 Games} 15. Qa4 (15. e4 dxe3 16. Bxe3 Bxg2 17. Kxg2 Qd5+ 18. Qf3 Qxb5 19. Qxb7 Bf6 20. d4 Rab8 {1-0 (70) Praznik,N (2404)-Mazi,L (2357) Slovenia 2016}) 15... Bc5 16. Bxd5 Qxd5 17. Qc4 Qh5 $146 ({Predecessor:} 17... Qd7 18. a4 Rfe8 19. Ra2 Rac8 20. Rc2 h5 {½-½ (45) Ruzicka,F (2218)-Riska,L (2196) Moravia 2003}) 18. Ra2 {[%cal Ba1a2,Ba2e2,Be2f2][%mdl 32]} Rae8 19. Re1 Re6 20. e4 dxe3 21. fxe3 Rd8 22. Rae2 Bd4 23. a4 h6 24. Rf2 {The position is equal.} Qc5 25. Qa2 {Threatens to win with Rxf7!} Rxe3 (25... Qe7 {is interesting.} 26. Bd2 Bc5 27. Qc4 Bb4 28. Bxb4 Qxb4 29. Qxb4 axb4 30. Rb2 Rxd3 31. Rxb4 Rd2) 26. Qxf7+ Kh7 27. Bxe3 Bxe3 28. Rxe3 Qxe3 29. Qxb7 Rxd3 30. Qf7 Qe4 {Precision: White = 67%, Black = 58%.} 1/2-1/2

[Event "Czech Olympiad Nomination 2018"]
[Site "Prague"]
[Date "2018.06.03"]
[Round "10"]
[White "Nguyen, Thai Dai Van"]
[Black "Stocek, Jiri"]
[Result "1/2-1/2"]
[WhiteElo "2549"]
[BlackElo "2574"]
[Annotator "TA"]
[PlyCount "60"]
[EventDate "2018.??.??"]
[EventType "tourn"]
[EventCountry "CZE"]
[SourceTitle "playchess.com"]
[Source "ChessBase"]
[SourceQuality "1"]

{[%evp 25,60,12,29,0,0,4,13,5,6,6,7,0,10,5,2,0,0,0,0,0,0,0,0,0,0,0,0,0,0,0,0,0,0,0,0,0,0]} 1. Nf3 Nf6 2. c4 b6 3. g3 Bb7 4. Bg2 c5 5. O-O e6 6. Nc3 Be7 7. d4 cxd4 8. Qxd4 d6 9. Bg5 O-O 10. Rfd1 Nbd7 11. Nb5 d5 12. cxd5 Bxd5 {A30: Symmetrical English: Double Fianchetto and Hedgehog} 13. Nc3 Bc6 {LiveBook: 13 Games} 14. Ne5 (14. Rac1 {looks sharper.} h6 15. Ne5 Bxg2 16. Nxd7 Nxd7 17. Bxe7 Qxe7 18. Qxd7 Qxd7 19. Rxd7 Bh3 20. Rcd1) (14. Qc4 Qc8 15. Rac1 h6 16. Bxf6 Bxf6 17. e4 Ne5 18. Nxe5 Bxe5 19. f4 Bxc3 20. Qxc3 {½-½ (43) Eljanov,P (2717)-Jakovenko,D (2748) Germany 2015}) 14... Nxe5 {The position is equal.} 15. Qxe5 Nd7 16. Bxe7 Nxe5 17. Bxd8 Rfxd8 18. Rac1 $146 ({Predecessor:} 18. Rxd8+ Rxd8 19. Rd1 Rxd1+ 20. Nxd1 Bxg2 21. Kxg2 {½-½ (46) Logothetis,S (2318)-Sulskis,S (2562) Liverpool 2008}) 18... Kf8 19. Rxd8+ Rxd8 20. Bxc6 Nxc6 $11 {[%mdl 4096] Endgame KRN-KRN} 21. Nb5 Nd4 22. Nxd4 Rxd4 {KR-KR} 23. Kg2 Rd2 24. Rc8+ Ke7 25. Rc7+ Kf6 26. Rxa7 Rxb2 27. Kf3 b5 28. h4 b4 29. Rb7 Rxa2 30. Rxb4 h5 {Precision: White = 62%, Black = 81%.} 1/2-1/2